000 00659nam a2200193 a 4500
001 BRCA_2084
005 20190320203648.0
008 080808s1990----mx-a---###---#000-0#spa-#
050 4 _aF1391.P8
_b.L43 11
_c1990
100 1 _aChávez Orozco, Luis
_96330
245 1 0 _aEl sitio de Puebla en 1863
_cLuis Chávez Orozco.
250 _a2
260 _aPuebla, México
_bGobierno del Estado de Puebla : Secretaría de Cultura : Comisión Puebla V Centenario
_c1990
300 _a79 p.
_bil.
_c21 cm.
440 0 _aLecturas Históricas de Puebla
_n11
_96331
504 _aBibliografía: p. 78-79
651 4 _aPuebla (México)
_xHistoria
_y1863
_96332
942 _2lcc
_cB
999 _c1841
_d1841